00660nam a22001937a 450000500170000001000150001702000260003203500140005803700130007208200080008510000330009324500660012626000360019227000500022830000210027894200220029999900190032195201260034020240311171421.0 aENG-139636 a9789383779208c390.00 aEN-123168 bDBAD/PUB a921 aWashington, Booker T.963071 aUp from slavery:ban autobiography /cby Booker T. Washington aNoidabVrishti Books Cafec2015 aH-86 F, First Floor Sector-12,bNoidae201301 a233p.c22cm(pbk) 2ddccENmWASh921 c201385d201385 001040708NFICaCJbCJd2024-03-11eDBADg390.00l0oWAS 921pEN-123168r2024-03-11 00:00:00t1v390.00w2024-03-11yEN